Prénoms filles données en France 1900-2024. #3 - Statistiques

Statistiques générales
  • Ce quiz a été pris 1 677 fois
    1 210 depuis la dernière actualisation
  • Le résultat moyen est 101 sur 483
Statistiques - réponses
Hint Réponse % Correct
L Lou
92%
M Marie / Mary
87%
L Léa
83%
L Louise
79%
L Lily / Lili/ Lilli
76%
L Laure
73%
P Pauline
73%
L Laura
71%
L Lina / Lyna
71%
L Lisa
71%
M Manon
70%
L Léna
69%
L Lise / Lyse
69%
L Lola
69%
L Lucie / Lucy
66%
M Maria / Mariya
66%
L Louna/ Luna/ Loona
63%
M Maé / Mahée
62%
M Marine
62%
S Sophie
59%
L Lila / Lilas
58%
M Mathilde / Matilde
58%
O Olivia
58%
L Lilo
57%
S Sarah / Sara
57%
L Lana
56%
L Louane / Louanne
56%
N Nina
55%
P Patricia
55%
L Laurine / Lauryne / Lorie
54%
N Noémie
54%
M Marion
53%
O Océane / Océanne
53%
S Sophia / Sofia
53%
M Mia / Mya / Miya
52%
R Rose
51%
L Lilou / Lylou
50%
P Paule
50%
R Roma
50%
S Sandrine
50%
M Margot / Margaux
49%
M Marina
49%
M Mila / Myla / Milla
49%
N Nathalie
49%
L Lara
48%
M Maëlle
48%
M Michelle / Michèle
48%
L Laurence
47%
L Louisa
47%
M Monique
47%
N Ninon
47%
R Romane / Romanne
47%
S Sylvie
47%
L Léane / Leanne
46%
L Léonie
46%
L Lilia
46%
M Martine
46%
M Mélanie
46%
L Line / Lyne
45%
M Mélissa
45%
S Sandra
44%
L Léana
43%
S Stéphanie
43%
M Madeleine
42%
O Ophélie
42%
P Paula
42%
P Paulette
42%
M May
41%
M Morgane
41%
P Pascale
41%
R Rosa
41%
M Maelie / Maely
40%
M Marguerite
40%
M Mélina
40%
R Romy / Romie
40%
L Lison
39%
S Solène / Solenne
39%
L Liliane / Lilianne
38%
M Maëva
38%
M Marianne/ Mariane
38%
N Nicole / Nicolle
38%
M Maya/ Maïa
37%
M Méline
37%
N Nadine
37%
L Luce
36%
M Mireille
36%
M Muriel / Murielle
36%
O Odette
36%
R Rachel / Rachelle
36%
S Sabrina
36%
L Louison
35%
L Lucille / Lucile
35%
M Maud
35%
M Myriam
35%
O Oria
35%
O Oriane / Orianne
35%
L Loane / Loann/ Loanne
34%
L Ludivine
34%
O Odile
34%
L Laëtitia / Letitia
33%
L Lucia
33%
L Lyana / Liana / Liyana
33%
M Marilou / Marylou/ Marie Lou
33%
M Mina
33%
N Nora / Norah
33%
N Noûr / Noor
33%
S Sonia
33%
S Suzanne / Suzane
33%
M Maëlys / Maëliss
32%
N Nadia
32%
P Paola
32%
S Séverine
32%
S Sylvia
32%
L Lucette
31%
L Lucienne
31%
L Lya
31%
M Micheline
31%
N Noëlle
31%
O Olive
31%
R Renée
31%
S Sabine
31%
M Mathilda
30%
N Noa
30%
P Perrine
29%
R Rosalie / Rosaly
29%
S Solange
29%
L Liv
28%
L Louana/ Luana
28%
M Magalie / Magali
28%
M Marcelle
28%
M Mauricette
28%
N Nadège
28%
N Natacha / Natasha
28%
P Pascaline
28%
P Philippine
28%
R Roxane/ Roxanne
28%
S Salomé
28%
S Simone / Simonne
28%
L Leïla / Leïa / Leyla
27%
M Marie Anne
27%
M Mona
27%
L Laly/ Lalie
26%
L Laurette
26%
L Lili Rose / Lily Rose
26%
L Livia
26%
L Lydia
26%
L Lydie/ Lidie
26%
M Marthe
26%
M Mélodie / Mélody
26%
M Mylène
26%
N Noëllie / Noelie
26%
S Stella
26%
L Laurène
25%
L Linda
25%
M Marie Jeanne
25%
M Mégane
25%
O Olga
25%
R Raymonde
25%
S Soline
25%
L Lauriane
24%
L Louisette
24%
N Nell
24%
O Ophélia
24%
S Samantha
24%
S Suzie / Suzy
24%
M Marie Louise
23%
M Marinette
23%
M Marjorie
23%
N Naomi / Naomie
23%
R Rita
23%
S Sylviane
23%
M Marie Pierre
22%
M Maryline
22%
M Monica
22%
N Nelly
22%
P Peneloppe
22%
R Raphaëlle / Raphaële
22%
R Roselyne / Roseline
22%
S Samia
22%
M Maddy / Maddie / Mady
21%
M Marie Thérèse
21%
N Naëlle
21%
R Roberte
21%
R Rosie
21%
S Sidonie
21%
L Léontine
20%
L Leslie
20%
L Lisette
20%
M Marie Christine
20%
M Marie Claire
20%
M Marie Claude
20%
M Marie Françoise
20%
M Marie Laure
20%
M Marie Paule
20%
M Maryse
20%
P Pia
20%
S Sasha
20%
M Marceline / Marcelline
19%
M Marie France
19%
M Marlène
19%
M Mira
19%
O Ondine
19%
P Pamela
19%
P Prune
19%
R Régine
19%
S Séréna
19%
L Lolita
18%
M Mariette
18%
O Octavia
18%
O Orlane
18%
P Paloma
18%
P Pierette
18%
S Sandie / Sandy
18%
L Liane
17%
M Marie Ange
17%
M Marta
17%
M Maryam / Mariam
17%
N Noéline
17%
S Shana / Shanna
17%
M Molly
16%
O Octavie
16%
O Oriana
16%
R Reine
16%
R Rolande / Rollande
16%
S Suzette
16%
S Sylvette
16%
L Léone
15%
L Liliana/ Lilyana
15%
M Maïssa
15%
M Millie/ Milly/ Milie
15%
N Nelya / Nelia
15%
N Noelya / Noëlia
15%
O Olympe
15%
P Priscilla
15%
R Régina
15%
R Roberta
15%
S Sana
15%
S Soraya
15%
M Maggy / Maggie
14%
M Marie Hélène
14%
M Marie Madeleine
14%
M Marie Noëlle
14%
M Marie Rose
14%
M Maureen
14%
M Melinda
14%
N Noëlla
14%
O Ombeline
14%
P Philomène
14%
P Prisca
14%
S Sabrine
14%
S Suzon
14%
S Sybille
14%
S Sylvaine
14%
L Léandra
13%
L Lorena / Laurena
13%
M Maïté
13%
M Manuella / Manuela
13%
M Marie Line
13%
M Maxine
13%
M Melya / Melia
13%
N Nala
13%
P Perle
13%
Q Quitterie
13%
R Rihanna
13%
R Rosette
13%
R Rosine
13%
S Salma
13%
L Léonor / Léonore
12%
L Luisa
12%
L Lysianne / Lisiane
12%
M Maëline
12%
M Malia / Malya
12%
M Malika
12%
M Manël
12%
M Marie Dominique
12%
M Marie Josée
12%
M Marie Odile
12%
M Maryvonne
12%
M Milena
12%
N Nathalia
12%
N Nola
12%
O Océana / Océanna
12%
O Ornella
12%
R Rachida
12%
R Rim / Rym
12%
R Rosalia
12%
R Ruth
12%
S Selma
12%
L Lamia
11%
L Laureline
11%
L Lennie
11%
L Leona
11%
M Macha
11%
M Madison
11%
M Marie Catherine
11%
N Nancy
11%
N Nawel
11%
N Nolwenn
11%
O Opale
11%
O Oxana
11%
P Philippa
11%
P Prudence
11%
R Rébecca
11%
S Stecy / Stacy
11%
L Leya / Leyah
10%
L Lindsay
10%
L LoÏs
10%
L Lucinda
10%
M Margarette / Margaret
10%
M Marie Josèphe
10%
N Naïa
10%
O Orane
10%
P Peggy
10%
R Réjane
10%
R Romaine
10%
R Rose Marie
10%
R Rosita
10%
S Ségolène
10%
L Latifa
9%
L Laurane / Lauranne
9%
L Laureen/ Laurenn
9%
L Lorelei
9%
M Malaury / Mallaury / Malaurie
9%
M Marwa
9%
M Muguette
9%
O Opaline
9%
P Paquerette
9%
P Prescillia
9%
R Raïssa
9%
R Raphaëlla
9%
R Ruby
9%
S Sélène
9%
S Sirine
9%
L Léopoldine
8%
L Lexie
8%
L Liloo / Lyloo
8%
L Loubna
8%
L Loula
8%
M Maelya / Maelia
8%
M Maïlys
8%
M Maïwenn
8%
M Mandy
8%
M Marie Êve
8%
M Marie Joëlle
8%
M Marie Laurence
8%
M Marie Luce
8%
M Marie Renée
8%
M Mélisandre
8%
M Mélusine
8%
M Michaëlle / Michaële
8%
M Moana
8%
N Nesrine
8%
O Odélia
8%
O Oxane
8%
P Penny
8%
P Perla
8%
P Phoebe
8%
P Pomme
8%
R Robertine
8%
S Saly/ Sallie
8%
S Séraphine
8%
S Soïzic
8%
S Sue
8%
L Lisa Marie
7%
L Loëtitia
7%
L Lorenza
7%
L Lorna
7%
M Maïmouna
7%
M Mareva
7%
M Mariama
7%
M Marie Astrid
7%
M Marie Nicole
7%
M Meryl
7%
O Ohana
7%
O Olwenn
7%
O Olympia
7%
O Orphée
7%
O Ouafa
7%
O Oumou
7%
P Paolina
7%
P Polly
7%
P Prunelle
7%
Q Queenie
7%
R Raquel
7%
R Renata
7%
S Séphora
7%
S Servane
7%
S Shaina / Shayna
7%
S Shane
7%
S Shirel
7%
S Shirley
7%
S Sixtine
7%
S Soane
7%
S Swann
7%
S Sylvana
7%
L Laïna / Leïna
6%
L Lexa
6%
L Leyna
6%
L Lila Rose
6%
L Lilibeth
6%
L Lilith
6%
L Loucia
6%
M Maélane
6%
M Mahaut / Mahault
6%
M Maïna
6%
M Marie Estelle
6%
M Meryem
6%
N Naïs
6%
N Neïla
6%
N Ness
6%
N Nikita
6%
N Nova
6%
P Pasqualine
6%
S Safâ
6%
S Savannah
6%
S Solveig
6%
S Soukaïna
6%
L Laurentine
5%
L Léonide
5%
L Levanna / Levannah
5%
L Lizéa
5%
L Logane
5%
L Lyo
5%
M Maelly
5%
M Maribelle
5%
M Marie Hortense
5%
M Mercédès
5%
M Milana
5%
M MoÏsette
5%
N Nabilla
5%
N Najat
5%
N Nassima
5%
N Neva
5%
P Phyliss
5%
P Poppy
5%
P Primerose
5%
P Purdey
5%
R Rivka
5%
R Rozenn
5%
S Sarah Lisa
5%
S Sara Lou
5%
S Scarlett
5%
S Sienna
5%
S Soumaya
5%
S Stanislawa
5%
L Layana
4%
L Layane
4%
L Léoncia
4%
L Letty
4%
L Lilwenn
4%
L Loéline
4%
M Maïssane
4%
M Malicia
4%
M Maloé
4%
M Malvina
4%
M Mayane
4%
M Maylane
4%
M Maylie
4%
M Meva
4%
M Moïra
4%
N Nassera
4%
P Priya / Prya
4%
R Rose May
4%
S Safiya
4%
S Sergine
4%
S Sidney
4%
L Leena
3%
L Loeva
3%
M Maximilienne
3%
M Médina
3%
M Mélane
3%
M Mélyse
3%
N Naëlya
3%
R Rabia
3%
S Seyana
3%
S Shaneze
3%
S Sibel
3%
M Miral
2%
S Savina
2%
S Shaïly
2%
L Liora
1%
N Niya
1%
Aucun quiz correspondant
Distribution des résultats
% des personnes avec chaque résultat
Percentile par nombre de réponses
Votre historique - résultats
Vous n’avez pas pris ce quiz depuis la dernière actualisation